[Event "Heraklion Gazi op 10th"]
[Site "Heraklion"]
[Date "2014.07.30"]
[Round "1"]
[White "Georgantas, Antonios"]
[Black "Mathaiaki, Nefeli"]
[Result "1-0"]
[WhiteElo "1814"]
[BlackElo "1010"]
[PlyCount "63"]
[EventDate "2014.07.30"]
[EventType "swiss"]
[EventRounds "9"]
[EventCountry "GRE"]
[SourceTitle "EXT 2016"]
[Source "ChessBase"]
[SourceDate "2015.10.08"]
[SourceVersion "1"]
[SourceVersionDate "2015.10.08"]
[SourceQuality "1"]

1. e4 e5 2. Nf3 Nc6 3. Bb5 Bc5 4. 0-0 d6 5. c3 Nf6 6. d4 exd4 7. cxd4 Bxd4 8. Nxd4 Bd7 9. Bg5 0-0 10. Bxc6 Bxc6 11. Nc3 h6 12. Bh4 Qe7 13. Nf5 Qd8 14. Qd4 Re8 15. Nxh6+ Kh7 16. Nxf7 Qe7 17. Ng5+ Kg8 18. Rae1 Qe5 19. Qd2 a6 20. f4 Qc5+ 21. Bf2 Qc4 22. b3 Qb4 23. Qc2 Bxe4 24. Ncxe4 Nxe4 25. Nxe4 a5 26. Ng5 Rxe1 27. Rxe1 Qxe1+ 28. Bxe1 b5 29. Qh7+ Kf8 30. Qf5+ Ke7 31. Qe6+ Kd8 32. Nf7# 1-0